|
|
|
|
| LEADER |
01225nam a2200325 a 4500 |
| 001 |
32580 |
| 003 |
BD-DhAAL |
| 005 |
20211116111046.0 |
| 008 |
180111r19831980 b 001 0 eng |
| 999 |
|
|
|c 38977
|d 38977
|
| 010 |
|
|
|a 83010430
|
| 020 |
|
|
|a 0226874869 (pbk.)
|c $8.50
|
| 020 |
|
|
|a 0851395457
|
| 020 |
|
|
|a 0898600405
|
| 040 |
|
|
|a DLC
|c DLC
|d DLC
|d BD-DhAAL
|
| 050 |
0 |
0 |
|a NA190
|b .W37 1983
|
| 082 |
0 |
0 |
|a 720.9
|2 19
|
| 100 |
1 |
|
|a Watkin, David,
|d 1941-
|9 24605
|
| 245 |
1 |
4 |
|a The rise of architectural history /
|c David Watkin.
|
| 260 |
|
|
|a Chicago :
|b University of Chicago Press,
|c c1980. [ reprinted1983 ]
|
| 300 |
|
|
|a xi, 204 pages ;
|c 22 cm.
|
| 500 |
|
|
|a Reprint. Originally published: London : Architectural Press, 1980.
|
| 504 |
|
|
|a Includes bibliographical references (pages 191-196) and index
|
| 526 |
|
|
|a ARC
|
| 541 |
|
|
|a Development Book Agency
|e 32580
|
| 650 |
|
0 |
|a Architecture
|x Historiography.
|9 24606
|
| 650 |
|
0 |
|a Architecture.
|9 42702
|
| 852 |
|
|
|a Ayesha Abed Library
|c General Stacks
|
| 942 |
|
|
|2 ddc
|c BK
|
| 952 |
|
|
|0 0
|1 0
|2 ddc
|4 0
|6 720_900000000000000_WAT
|7 0
|9 62578
|a BRACUL
|b BRACUL
|c GEN
|d 2018-01-10
|e Development Book Agency
|g 5500.00
|l 0
|o 720.9 WAT
|p 3010032580
|r 2018-01-10
|t 1
|v 5500.00
|w 2018-01-10
|y BK
|